El muro (Registro nro. 65283)
[ vista simple ]
| 000 -ENCABEZADO | |
|---|---|
| Número de control [NR] | 00942nam a2200265Ia 4500 |
| 008 - DE LONGITUD FIJA DE DATOS DE ELEMENTOS - INFORMACIÓN GENERAL | |
| Elementos de longitud fija [NR] | 130821s2007 ag gr spa |
| 020 ## - NUMERO INTERNACIONAL NORMALIZADO PARA LIBROS [R] | |
| Número Internacional Normalizado del libro [NR] | 9789500306478 |
| 040 ## - FUENTE DE CATALOGACION [NR] | |
| Agencia de catalogación original [NR] | Co-BoUCM |
| Idioma de catalogación [NR] | spa |
| 041 00 - CODIGO DE IDIOMA [R] | |
| Código de idioma para texto/pista de sonido o título separado [R] | Español |
| 100 1# - ASIENTO PRINCIPAL--NOMBRE PERSONAL [NR] | |
| Nombre personal [NR] | Sartre, Jean-Paul |
| Fechas asociadas con el nombre [NR] | 1905-1980 |
| ID Autoridad | 54571 |
| 245 13 - MENCION DE TITULO [NR] | |
| Título [NR] | El muro |
| Mención de responsabilidad, etc. [NR] | Jean-Paul Sartre ; prólogo de Guillermo de Torre ; traducción Augusto Díaz Carvajal |
| 260 ## - PUBLICACION, DISTRIBUCION, ETC. (PIE DE IMPRENTA) [R] | |
| Lugar de publicación, distribución, etc. [R] | Buenos Aires (Argentina) |
| Nombre del editor, distribuidor, etc. [R] | Losada |
| Fecha de publicación, distribución, etc. [R] | 2007 |
| 300 ## - DESCRIPCION FISICA [R] | |
| Extensión [R] | 260 páginas |
| 490 #0 - MENCION DE SERIE [R] | |
| Mención de serie [R] | Clásicos Losada |
| Designación numérica/secuencial del volumen [NR] | 385 |
| 500 ## - NOTA GENERAL [R] | |
| Nota general [NR] | Incluye índice general. |
| 650 04 - ASIENTO SECUNDARIO DE MATERIA - TERMINO TEMATICO [R] | |
| Término temático o nombre geográfico como elemento de entrada [NR] | Existencialismo en la literatura |
| 9 (RLIN) | 15412 |
| 650 04 - ASIENTO SECUNDARIO DE MATERIA - TERMINO TEMATICO [R] | |
| Término temático o nombre geográfico como elemento de entrada [NR] | Literatura europea |
| 9 (RLIN) | 26524 |
| 650 04 - ASIENTO SECUNDARIO DE MATERIA - TERMINO TEMATICO [R] | |
| Término temático o nombre geográfico como elemento de entrada [NR] | Literatura francesa |
| Subdivisión cronológica [R] | Siglo XX |
| 9 (RLIN) | 7794 |
| 650 04 - ASIENTO SECUNDARIO DE MATERIA - TERMINO TEMATICO [R] | |
| Término temático o nombre geográfico como elemento de entrada [NR] | Novela francesa |
| Subdivisión cronológica [R] | Siglo XX |
| 9 (RLIN) | 20506 |
| 700 1# - ASIENTO SECUNDARIO - NOMBRE PERSONAL [R] | |
| Nombre personal [NR] | Díaz Carvajal, Augusto |
| Término de relación [R] | |
| 9 (RLIN) | 166423 |
| 700 1# - ASIENTO SECUNDARIO - NOMBRE PERSONAL [R] | |
| Nombre personal [NR] | Torre, Guillermo de |
| Término de relación [R] | |
| 9 (RLIN) | 124592 |
| 765 ## - ASIENTO DE IDIOMA ORIGINAL [R] | |
| Título [NR] | Le mur |
| 942 ## - ELEMENTOS DE ENTRADA AGREGADOS (KOHA) | |
| Tipo de ítem principal el descrito en 300a | Libro |
| Sistema de clasificación | DEWEY |
| Tema principal | Literatura |
| Edición | 1 |
| Clasificación | 843.914 |
| Parte restante de la signatura top. | S17m |
| Fecha de último préstamo | Total préstamos | Total Renewals | Signatura topográfica | Código de barras | Última vez visto | Ejemplar | Price effective from | Tipo de ítem | Perdido | Sistema de clasificación | Dañado | No prestable | Tipo de ítem específico | Suprimido | Ubicación habitual | Ubicación actual | Localización | Fecha de creación | Forma de adquisición | Costo |
|---|---|---|---|---|---|---|---|---|---|---|---|---|---|---|---|---|---|---|---|---|
| 07/06/2022 | 2 | 3 | 843.914 S17m | 100105122 | 09/12/2025 | Ej.1 | 03/02/2013 | Libro | DEWEY | Libro | Claustro | Claustro | 2do piso | 28/02/2010 | Compra | 114350.00 |